=LDR 00000nam 2200000 4500 =001 INLIS000000000035508 =005 20241010082035 =035 ##$$a 0010-061300000035508 =008 241010################g##########0#ind## =041 ##$$a ind =082 ##$$a 398.309 598 63 =090 ##$$a 398.309 598 63, Sar m =100 ##$$a Sarjono, Agus R =245 1#$$a Mengasapi rembulan /$c Agus R. Sarjono =260 ##$$a Jakarta :$b Pusat Bahasa Depdinas,$c 2009 =300 ##$$a viii,105 hlm, ; $c 21 cm =650 #4$$a Cerita Rakyat Sulawesi Selatan =850 ##$$a NBPNMAT =020 ##$$a 978-979-685-964-1 =084 ##$$a 398.309 598 63 SAR m =990 ##$$a 23192319 =990 ##$$a 31011519